000 00368nam a2200133Ia 4500
005 20260328101521.0
008 260328s9999||||xx |||||||||||||| ||und||
100 _aMay, John
245 0 _aBuilding without Architects :
_b A global Guide to everyday Architecture /
_cJohn May
260 _bRizzoli
300 _a192 p.
650 _aARQUITECTURA VERNACULAR
942 _cBK
999 _c9602
_d9602